{"text_format":"3","workbook":"xlsx","n_sheets":1,"sheets":["t203"],"read":"whole","date_system":"1900"}

{"sheet":"t203","index":0,"n_rows":180,"n_cols":7,"rows_kept":180,"merged":[[0,0,0,6],[30,0,30,5],[47,0,47,5],[151,0,151,5]]}
["TABELA 203.1 - Estatísticas Agrícolas, Município de Guaraci, Estado de São Paulo, 2007/08."]
["ITEM","UNIDADE","N.DE UPAs","MÍNIMO","MÉDIO","MÁXIMO","TOTAL"]
["Distância à sede do município","km",313,0.5,{"v":11.19,"d":"11.2"},{"v":48,"d":"48.0"},"-"]
["Área total","hectare",313,{"v":2,"d":"2.0"},{"v":174.51,"d":"174.5"},{"v":9623,"d":"9,623.0"},{"v":54622.5,"d":"54,622.5"}]
["Área com cultura perene","hectare",118,0.6,{"v":62.14,"d":"62.1"},{"v":400,"d":"400.0"},{"v":7332.6,"d":"7,332.6"}]
["Área com cultura temporária","hectare",124,0.5,{"v":227.76,"d":"227.8"},{"v":7233,"d":"7,233.0"},{"v":28241.8,"d":"28,241.8"}]
["Área com pastagem","hectare",223,0.4,{"v":65.35,"d":"65.4"},{"v":1391,"d":"1,391.0"},{"v":14573.2,"d":"14,573.2"}]
["Área com reflorestamento","hectare",12,0.4,{"v":34.63,"d":"34.6"},{"v":400,"d":"400.0"},415.6]
["Área com vegetação natural","hectare",190,0.1,12.7,{"v":600,"d":"600.0"},{"v":2413.2,"d":"2,413.2"}]
["Área com vegetação de brejo e várzea","hectare",258,0.1,{"v":5.12,"d":"5.1"},{"v":375,"d":"375.0"},{"v":1320.6,"d":"1,320.6"}]
["Área em descanso","hectare",4,0.5,{"v":1,"d":"1.0"},{"v":2,"d":"2.0"},{"v":4,"d":"4.0"}]
["Área complementar","hectare",268,0.1,1.2,{"v":80,"d":"80.0"},321.5]
["Área das UPAs com (0, 1] ha","hectare","-","-","-","-","-"]
["Área das UPAs com (1, 2] ha","hectare",1,{"v":2,"d":"2.0"},{"v":2,"d":"2.0"},{"v":2,"d":"2.0"},{"v":2,"d":"2.0"}]
["Área das UPAs com (2, 5] ha","hectare",18,2.3,{"v":3.76,"d":"3.8"},{"v":5,"d":"5.0"},67.7]
["Área das UPAs com (5, 10] ha","hectare",38,5.1,{"v":7.34,"d":"7.3"},{"v":10,"d":"10.0"},278.8]
["Área das UPAs com (10, 20] ha","hectare",51,10.4,{"v":15.29,"d":"15.3"},{"v":20,"d":"20.0"},779.9]
["Área das UPAs com (20, 50] ha","hectare",70,20.3,{"v":31.26,"d":"31.3"},{"v":50,"d":"50.0"},{"v":2188,"d":"2,188.0"}]
["Área das UPAs com (50, 100] ha","hectare",53,50.8,{"v":70.06,"d":"70.1"},96.8,{"v":3713.1,"d":"3,713.1"}]
["Área das UPAs com (100, 200] ha","hectare",31,104.5,{"v":142.02,"d":"142.0"},194.6,{"v":4402.7,"d":"4,402.7"}]
["Área das UPAs com (200, 500] ha","hectare",24,{"v":203,"d":"203.0"},307.2,491.3,{"v":7372.9,"d":"7,372.9"}]
["Área das UPAs com (500, 1.000] ha","hectare",17,508.2,{"v":652.24,"d":"652.2"},940.4,{"v":11088.1,"d":"11,088.1"}]
["Área das UPAs com (1.000, 2.000] ha","hectare",8,{"v":1013.4,"d":"1,013.4"},{"v":1317.91,"d":"1,317.9"},{"v":1557,"d":"1,557.0"},{"v":10543.3,"d":"10,543.3"}]
["Área das UPAs com (2.000, 5.000] ha","hectare",1,{"v":4563,"d":"4,563.0"},{"v":4563,"d":"4,563.0"},{"v":4563,"d":"4,563.0"},{"v":4563,"d":"4,563.0"}]
["Área das UPAs com (5.000, 10.000] ha","hectare",1,{"v":9623,"d":"9,623.0"},{"v":9623,"d":"9,623.0"},{"v":9623,"d":"9,623.0"},{"v":9623,"d":"9,623.0"}]
["Área das UPAs acima de 10.000 ha","hectare","-","-","-","-","-"]
["Familiares do proprietário que trabalham na UPA","unidade",299,{"v":1,"d":"1.0"},{"v":1.35,"d":"1.4"},{"v":7,"d":"7.0"},{"v":404,"d":"404.0"}]
["Trabalhadores permanentes","unidade",168,{"v":1,"d":"1.0"},{"v":5.45,"d":"5.5"},{"v":300,"d":"300.0"},{"v":916,"d":"916.0"}]
["Fonte: Secretaria de Agricultura e Abastecimento, CDRS/IEA, Projeto LUPA."]
[]
["TABELA 203.2 - Explorações Animais, Município de Guaraci, Estado de São Paulo, 2007/08."]
["ITEM","UNIDADE","N.DE UPAs","MÍNIMO","MÉDIO","MÁXIMO","TOTAL"]
["Apicultura","colmeias",2,{"v":10,"d":"10.0"},{"v":25,"d":"25.0"},{"v":40,"d":"40.0"},{"v":50,"d":"50.0"}]
["Asininos E Muares","cabeças",17,{"v":1,"d":"1.0"},{"v":3.82,"d":"3.8"},{"v":20,"d":"20.0"},{"v":65,"d":"65.0"}]
["Avestruzes e Ema (Criadouro)","cabeças",1,{"v":150,"d":"150.0"},{"v":150,"d":"150.0"},{"v":150,"d":"150.0"},{"v":150,"d":"150.0"}]
["Avicultura de Corte","cabeças/ano",86,{"v":10,"d":"10.0"},{"v":2576.28,"d":"2,576.3"},{"v":152000,"d":"152,000.0"},{"v":221560,"d":"221,560.0"}]
["Avicultura para Ovos","cabeças",27,{"v":1,"d":"1.0"},{"v":150.26,"d":"150.3"},{"v":401,"d":"401.0"},{"v":4057,"d":"4,057.0"}]
["Bovinocultura de Corte","cabeças",5,{"v":5,"d":"5.0"},{"v":1891.6,"d":"1,891.6"},{"v":9000,"d":"9,000.0"},{"v":9458,"d":"9,458.0"}]
["Bovinocultura Mista","cabeças",201,{"v":2,"d":"2.0"},{"v":131.09,"d":"131.1"},{"v":2280,"d":"2,280.0"},{"v":26350,"d":"26,350.0"}]
["Bubalinocultura","cabeças",1,{"v":850,"d":"850.0"},{"v":850,"d":"850.0"},{"v":850,"d":"850.0"},{"v":850,"d":"850.0"}]
["Caprinocultura","cabeças",6,{"v":2,"d":"2.0"},{"v":28.67,"d":"28.7"},{"v":50,"d":"50.0"},{"v":172,"d":"172.0"}]
["Equinocultura","cabeças",116,{"v":1,"d":"1.0"},{"v":10.56,"d":"10.6"},{"v":140,"d":"140.0"},{"v":1225,"d":"1,225.0"}]
["Outra Exploração Animal","cabeças",3,{"v":5,"d":"5.0"},{"v":20,"d":"20.0"},{"v":30,"d":"30.0"},{"v":60,"d":"60.0"}]
["Ovinocultura","cabeças",31,{"v":8,"d":"8.0"},{"v":84.13,"d":"84.1"},{"v":450,"d":"450.0"},{"v":2608,"d":"2,608.0"}]
["Suinocultura","cabeças",72,{"v":1,"d":"1.0"},{"v":56.69,"d":"56.7"},{"v":421,"d":"421.0"},{"v":4082,"d":"4,082.0"}]
["Fonte: Secretaria de Agricultura e Abastecimento, CDRS/IEA, Projeto LUPA."]
[]
["TABELA 203.3 -  Máquinas, Implementos e Benfeitorias, Município de Guaraci, Estado de São Paulo, 2007/08."]
["ITEM","UNIDADE","N.DE UPAs","MÍNIMO","MÉDIO","MÁXIMO","TOTAL"]
["Arado Comum (Bacia, Aiveca)","Unidade",82,{"v":1,"d":"1.0"},{"v":1.76,"d":"1.8"},{"v":18,"d":"18.0"},{"v":144,"d":"144.0"}]
["Arado Escarificador","Unidade",6,{"v":1,"d":"1.0"},{"v":1.83,"d":"1.8"},{"v":3,"d":"3.0"},{"v":11,"d":"11.0"}]
["Arado Subsolador","Unidade",27,{"v":1,"d":"1.0"},1.7,{"v":10,"d":"10.0"},{"v":46,"d":"46.0"}]
["Batedeira de Cereais","Unidade",4,{"v":1,"d":"1.0"},{"v":2,"d":"2.0"},{"v":5,"d":"5.0"},{"v":8,"d":"8.0"}]
["Carregadeira de Cana","Unidade",2,{"v":2,"d":"2.0"},{"v":2,"d":"2.0"},{"v":2,"d":"2.0"},{"v":4,"d":"4.0"}]
["Colhedeira Acoplada","Unidade",1,{"v":3,"d":"3.0"},{"v":3,"d":"3.0"},{"v":3,"d":"3.0"},{"v":3,"d":"3.0"}]
["Colhedeira Automotriz","Unidade",3,{"v":1,"d":"1.0"},{"v":1.33,"d":"1.3"},{"v":2,"d":"2.0"},{"v":4,"d":"4.0"}]
["Computador","Unidade",1,{"v":1,"d":"1.0"},{"v":1,"d":"1.0"},{"v":1,"d":"1.0"},{"v":1,"d":"1.0"}]
["Conj.Irrigação Autopropelido","Unidade",2,{"v":1,"d":"1.0"},{"v":1,"d":"1.0"},{"v":1,"d":"1.0"},{"v":2,"d":"2.0"}]
["Conj.Irrigação Convencional","Unidade",20,{"v":1,"d":"1.0"},1.8,{"v":9,"d":"9.0"},{"v":36,"d":"36.0"}]
["Conj.Irrigação Pivot Central","Unidade",1,{"v":1,"d":"1.0"},{"v":1,"d":"1.0"},{"v":1,"d":"1.0"},{"v":1,"d":"1.0"}]
["Conj.Irrigação/Gotejamento/Microaspersão","Unidade",7,{"v":1,"d":"1.0"},{"v":1.14,"d":"1.1"},{"v":2,"d":"2.0"},{"v":8,"d":"8.0"}]
["Desintegrador de Palha (Plantio Direto)","Unidade",2,{"v":1,"d":"1.0"},1.5,{"v":2,"d":"2.0"},{"v":3,"d":"3.0"}]
["Desintegrador, Picador, Triturador","Unidade",112,{"v":1,"d":"1.0"},1.1,{"v":3,"d":"3.0"},{"v":123,"d":"123.0"}]
["Distribuidor de Calcário","Unidade",59,{"v":1,"d":"1.0"},{"v":2.25,"d":"2.3"},{"v":20,"d":"20.0"},{"v":133,"d":"133.0"}]
["Ensiladeira","Unidade",24,{"v":1,"d":"1.0"},{"v":1.25,"d":"1.3"},{"v":4,"d":"4.0"},{"v":30,"d":"30.0"}]
["Grade Aradora (Tipo Romi)","Unidade",69,{"v":1,"d":"1.0"},{"v":3.62,"d":"3.6"},{"v":42,"d":"42.0"},{"v":250,"d":"250.0"}]
["Grade Niveladora","Unidade",53,{"v":1,"d":"1.0"},{"v":2.51,"d":"2.5"},{"v":20,"d":"20.0"},{"v":133,"d":"133.0"}]
["Implementos para Tração Animal","Unidade",5,{"v":2,"d":"2.0"},4.6,{"v":6,"d":"6.0"},{"v":23,"d":"23.0"}]
["Misturador de Ração","Unidade",4,{"v":1,"d":"1.0"},{"v":1,"d":"1.0"},{"v":1,"d":"1.0"},{"v":4,"d":"4.0"}]
["Pulverizador Tratorizado","Unidade",90,{"v":1,"d":"1.0"},{"v":2.81,"d":"2.8"},{"v":40,"d":"40.0"},{"v":253,"d":"253.0"}]
["Resfriador de Leite, Tanque Expansão","Unidade",6,{"v":1,"d":"1.0"},{"v":1,"d":"1.0"},{"v":1,"d":"1.0"},{"v":6,"d":"6.0"}]
["Semeadeira/Adubadeira para Plantio Convencional","Unidade",17,{"v":1,"d":"1.0"},{"v":1.47,"d":"1.5"},{"v":6,"d":"6.0"},{"v":25,"d":"25.0"}]
["Semeadeira/Plantadeira Plantio Direto","Unidade",11,{"v":1,"d":"1.0"},{"v":1.36,"d":"1.4"},{"v":3,"d":"3.0"},{"v":15,"d":"15.0"}]
["Terraceador","Unidade",7,{"v":1,"d":"1.0"},{"v":1.57,"d":"1.6"},{"v":2,"d":"2.0"},{"v":11,"d":"11.0"}]
["Trator de Esteiras","Unidade",2,{"v":2,"d":"2.0"},{"v":2,"d":"2.0"},{"v":2,"d":"2.0"},{"v":4,"d":"4.0"}]
["Trator de Pneus","Unidade",149,{"v":1,"d":"1.0"},{"v":3.74,"d":"3.7"},{"v":62,"d":"62.0"},{"v":558,"d":"558.0"}]
["Açude/Represa","Unidade",65,{"v":1,"d":"1.0"},{"v":2.15,"d":"2.2"},{"v":39,"d":"39.0"},{"v":140,"d":"140.0"}]
["Almoxarifado/Oficina","Unidade",62,{"v":1,"d":"1.0"},{"v":1.15,"d":"1.2"},{"v":3,"d":"3.0"},{"v":71,"d":"71.0"}]
["Armazém para Grãos Ensacados","Sacas",33,{"v":1,"d":"1.0"},{"v":421.24,"d":"421.2"},{"v":2000,"d":"2,000.0"},{"v":13901,"d":"13,901.0"}]
["Balança para Bovinos","Unidade",20,{"v":1,"d":"1.0"},{"v":1.05,"d":"1.1"},{"v":2,"d":"2.0"},{"v":21,"d":"21.0"}]
["Balança para Veículos","Unidade",7,{"v":1,"d":"1.0"},{"v":1,"d":"1.0"},{"v":1,"d":"1.0"},{"v":7,"d":"7.0"}]
["Barracão para Bicho da Seda/Sirgaria","Unidade",1,{"v":1,"d":"1.0"},{"v":1,"d":"1.0"},{"v":1,"d":"1.0"},{"v":1,"d":"1.0"}]
["Barracão para Granja/Avicultura","Unidade",10,{"v":1,"d":"1.0"},1.7,{"v":5,"d":"5.0"},{"v":17,"d":"17.0"}]
["Barracão/Galpão/Garagem","Unidade",103,{"v":1,"d":"1.0"},{"v":1.14,"d":"1.1"},{"v":5,"d":"5.0"},{"v":117,"d":"117.0"}]
["Casa de Moradia Habitada","Unidade",193,{"v":1,"d":"1.0"},{"v":1.95,"d":"2.0"},{"v":50,"d":"50.0"},{"v":377,"d":"377.0"}]
["Casa de Moradia Total","Unidade",231,{"v":1,"d":"1.0"},{"v":1.98,"d":"2.0"},{"v":25,"d":"25.0"},{"v":458,"d":"458.0"}]
["Curral/Mangueira","Unidade",142,{"v":1,"d":"1.0"},{"v":1.11,"d":"1.1"},{"v":3,"d":"3.0"},{"v":158,"d":"158.0"}]
["Depósito/Tulha","Unidade",27,{"v":1,"d":"1.0"},{"v":1.15,"d":"1.2"},{"v":2,"d":"2.0"},{"v":31,"d":"31.0"}]
["Estábulo","Unidade",1,{"v":1,"d":"1.0"},{"v":1,"d":"1.0"},{"v":1,"d":"1.0"},{"v":1,"d":"1.0"}]
["Estufa/Plasticultura","m²",4,{"v":2,"d":"2.0"},{"v":1300.5,"d":"1,300.5"},{"v":3000,"d":"3,000.0"},{"v":5202,"d":"5,202.0"}]
["Fábrica de Ração","Unidade",1,{"v":1,"d":"1.0"},{"v":1,"d":"1.0"},{"v":1,"d":"1.0"},{"v":1,"d":"1.0"}]
["Instalações para Equinos","Unidade",3,{"v":1,"d":"1.0"},{"v":1,"d":"1.0"},{"v":1,"d":"1.0"},{"v":3,"d":"3.0"}]
["Máquina de Benefício","Unidade",2,{"v":1,"d":"1.0"},{"v":1,"d":"1.0"},{"v":1,"d":"1.0"},{"v":2,"d":"2.0"}]
["Pocilga","Unidade",62,{"v":1,"d":"1.0"},{"v":1.24,"d":"1.2"},{"v":3,"d":"3.0"},{"v":77,"d":"77.0"}]
["Poço Semi-Artesiano","Unidade",92,{"v":1,"d":"1.0"},{"v":1.35,"d":"1.4"},{"v":8,"d":"8.0"},{"v":124,"d":"124.0"}]
["Posto Meteorológico","Unidade",1,{"v":2,"d":"2.0"},{"v":2,"d":"2.0"},{"v":2,"d":"2.0"},{"v":2,"d":"2.0"}]
["Silo para Grãos","t",2,{"v":1,"d":"1.0"},{"v":1300.5,"d":"1,300.5"},{"v":2600,"d":"2,600.0"},{"v":2601,"d":"2,601.0"}]
["Silo para Silagem","t",20,{"v":1,"d":"1.0"},{"v":195.05,"d":"195.1"},{"v":1300,"d":"1,300.0"},{"v":3901,"d":"3,901.0"}]
["Terreiro","m²",3,{"v":200,"d":"200.0"},{"v":450,"d":"450.0"},{"v":900,"d":"900.0"},{"v":1350,"d":"1,350.0"}]
["Usina de Açúcar/destilaria","Unidade",1,{"v":1,"d":"1.0"},{"v":1,"d":"1.0"},{"v":1,"d":"1.0"},{"v":1,"d":"1.0"}]
["Fonte: Secretaria de Agricultura e Abastecimento, CDRS/IEA, Projeto LUPA."]
[]
["TABELA 203.4 - Outras Estatísticas Agrícolas, Município de Guaraci, Estado de São Paulo, 2007/08."]
["ITEM","Número de UPAs",null,"Percentual"]
["Faz Parte de Associação de Produtores",132,null,{"v":42.17252396166134,"d":"42.2"}]
["Faz Parte de Cooperativa de Produtores",241,null,{"v":76.99680511182108,"d":"77.0"}]
["Faz Parte do Sindicato de Produtores",97,null,{"v":30.99041533546326,"d":"31.0"}]
["Não utiliza assistência técnica ",57,null,{"v":18.210862619808307,"d":"18.2"}]
["Utiliza somente assistência técnica governamental ",106,null,{"v":33.86581469648562,"d":"33.9"}]
["Utiliza somente assistência técnica privada ",23,null,{"v":7.348242811501597,"d":"7.3"}]
["Utiliza assistência técnica tanto governamental quanto privada",127,null,{"v":40.575079872204476,"d":"40.6"}]
["Utiliza Crédito Rural",104,null,{"v":33.22683706070288,"d":"33.2"}]
["Utiliza Seguro Rural",36,null,{"v":11.501597444089457,"d":"11.5"}]
["Utiliza Escrituração Agrícola",131,null,{"v":41.853035143769965,"d":"41.9"}]
["Acessa Internet p/ Fins na Agropecuária",36,null,{"v":11.501597444089457,"d":"11.5"}]
["Utiliza Computador nas Atividades Agropecuárias",66,null,{"v":21.086261980830674,"d":"21.1"}]
["Utiliza Energia Elétrica Para Uso na Atividade Agrícola",281,null,{"v":89.77635782747603,"d":"89.8"}]
["Realiza Análise de Solo, quando necessário",147,null,{"v":46.96485623003195,"d":"47.0"}]
["Utiliza Práticas de Conservação de Solo, quando necessário",184,null,{"v":58.78594249201278,"d":"58.8"}]
["Faz Adubação Mineral, quando necessário",176,null,{"v":56.23003194888179,"d":"56.2"}]
["Faz Adubação Orgânica, quando necessário",57,null,{"v":18.210862619808307,"d":"18.2"}]
["Faz Adubação Verde, quando necessário",58,null,{"v":18.53035143769968,"d":"18.5"}]
["Utiliza Manejo Integrado de Pragas (MIP)",54,null,{"v":17.252396166134186,"d":"17.3"}]
["Utiliza Hidroponia",2,null,{"v":0.6389776357827477,"d":"0.6"}]
["Utiliza Plasticultura",6,null,{"v":1.9169329073482428,"d":"1.9"}]
["Utiliza Mudas Fiscalizadas",58,null,{"v":18.53035143769968,"d":"18.5"}]
["Utiliza Semente Melhorada",67,null,{"v":21.405750798722046,"d":"21.4"}]
["Faz Confinamento de Bovinos",19,null,{"v":6.0702875399361025,"d":"6.1"}]
["Utiliza Pastejo Intensivo",149,null,{"v":47.6038338658147,"d":"47.6"}]
["Faz Inseminação Artificial",24,null,{"v":7.667731629392971,"d":"7.7"}]
["Faz Mineralização do Rebanho",179,null,{"v":57.18849840255591,"d":"57.2"}]
["Faz Vermifugação do Rebanho",182,null,{"v":58.14696485623003,"d":"58.1"}]
["Possui Parceiros /Arrendatários na Exploração Animal",13,null,{"v":4.15335463258786,"d":"4.2"}]
["Esporte e lazer",1,null,{"v":0.31948881789137384,"d":"0.3"}]
["Extração mineral","-",null,"-"]
["Hotel Fazenda, Pousada ou SPA","-",null,"-"]
["Pesque-pague","-",null,"-"]
["Restaurante ou Lanchonete","-",null,"-"]
["Transformação artesanal","-",null,"-"]
["Turismo rural ou ecoturismo","-",null,"-"]
["Outras atividades econômicas rurais","-",null,"-"]
["Agroindústria","-",null,"-"]
["Proprietário sem instrução ou com instrução incompleta",9,null,{"v":2.8753993610223643,"d":"2.9"}]
["Proprietário com antigo primário completo",106,null,{"v":33.86581469648562,"d":"33.9"}]
["Proprietário com 1° grau (ou antigo ginasial) completo",42,null,{"v":13.418530351437699,"d":"13.4"}]
["Proprietário com 2° grau (ou antigo colegial) completo",58,null,{"v":18.53035143769968,"d":"18.5"}]
["Proprietário com curso superior completo ",91,null,{"v":29.073482428115014,"d":"29.1"}]
["Pessoa Jurídica",7,null,{"v":2.236421725239617,"d":"2.2"}]
["Proprietário residente na própria UPA ",66,null,{"v":21.086261980830674,"d":"21.1"}]
["Fonte: Secretaria de Agricultura e Abastecimento, CDRS/IEA, Projeto LUPA."]
[]
["TABELA 203.5 - Área Cultivada, Município de Guaraci, Estado de São Paulo, 2007/08."]
["CULTURA","N.DE UPAs","MÍNIMO","MÉDIO","MÁXIMO","TOTAL"]
["Cana-de-acucar",104,0.5,{"v":265.62,"d":"265.6"},{"v":7233,"d":"7,233.0"},{"v":27624,"d":"27,624.0"}]
["Braquiaria",203,0.4,{"v":58.27,"d":"58.3"},{"v":1059.4,"d":"1,059.4"},{"v":11829.5,"d":"11,829.5"}]
["Laranja",103,0.6,{"v":67.08,"d":"67.1"},{"v":400,"d":"400.0"},{"v":6908.8,"d":"6,908.8"}]
["Coloniao",13,13.5,{"v":196.38,"d":"196.4"},{"v":1200,"d":"1,200.0"},{"v":2552.9,"d":"2,552.9"}]
["Milho",21,{"v":1,"d":"1.0"},{"v":25.53,"d":"25.5"},254.6,536.2]
["Outras florestais",2,{"v":1,"d":"1.0"},200.5,{"v":400,"d":"400.0"},{"v":401,"d":"401.0"}]
["Seringueira",24,2.4,{"v":16.51,"d":"16.5"},{"v":75,"d":"75.0"},396.2]
["Outras gramineas para pastagem",11,{"v":1,"d":"1.0"},15.7,45.7,172.7]
["Sorgo",1,{"v":70,"d":"70.0"},{"v":70,"d":"70.0"},{"v":70,"d":"70.0"},{"v":70,"d":"70.0"}]
["Eucalipto",10,0.4,{"v":1.46,"d":"1.5"},4.3,14.6]
["Cafe",2,{"v":4,"d":"4.0"},{"v":6,"d":"6.0"},{"v":8,"d":"8.0"},{"v":12,"d":"12.0"}]
["Capim-napier (ou capim-elefante)",8,0.4,{"v":1.46,"d":"1.5"},{"v":6,"d":"6.0"},11.7]
["Manga",1,6.5,6.5,6.5,6.5]
["Gramas",2,1.9,3.2,4.5,6.4]
["Urucum (ou urucu)",1,4.7,4.7,4.7,4.7]
["Outras olericolas",3,0.5,{"v":1.07,"d":"1.1"},1.5,3.2]
["Outras culturas temporárias",1,3.1,3.1,3.1,3.1]
["Limao",2,{"v":1,"d":"1.0"},1.2,1.4,2.4]
["Alface",2,0.4,0.7,{"v":1,"d":"1.0"},1.4]
["Macadamia (ou noz-macadamia)",1,{"v":1,"d":"1.0"},{"v":1,"d":"1.0"},{"v":1,"d":"1.0"},{"v":1,"d":"1.0"}]
["Jilo",1,{"v":1,"d":"1.0"},{"v":1,"d":"1.0"},{"v":1,"d":"1.0"},{"v":1,"d":"1.0"}]
["Coco-da-baia",1,{"v":1,"d":"1.0"},{"v":1,"d":"1.0"},{"v":1,"d":"1.0"},{"v":1,"d":"1.0"}]
["Mandioca",1,{"v":1,"d":"1.0"},{"v":1,"d":"1.0"},{"v":1,"d":"1.0"},{"v":1,"d":"1.0"}]
["Berinjela",1,{"v":1,"d":"1.0"},{"v":1,"d":"1.0"},{"v":1,"d":"1.0"},{"v":1,"d":"1.0"}]
["Couve (ou couve-crespa)",1,0.5,0.5,0.5,0.5]
["Abobora (ou jerimum)",1,0.4,0.4,0.4,0.4]
["Fonte: Secretaria de Agricultura e Abastecimento, CDRS/IEA, Projeto LUPA."]